LEADER 02046nam a2200433 a 4500
001 45753
003 BD-DhAAL
005 20260511174301.0
008 910305t20151991nyu 000 1 eng
010 |a  91002924  
020 |a 0873328590 
020 |a 0873328604 
020 |a 9780873328593 
020 |a 9780873328609 
035 |a 1541076 
040 |a DLC  |c DLC  |d DLC  |d BD-DhAAL 
041 1 |a eng  |h jpn 
050 0 0 |a PL782.E8  |b J37 1991 
082 0 0 |a 895.630108044  |2 20 
245 0 0 |a Japanese women writers :  |b twentieth century short fiction /  |c translated and edited by Noriko Mizuta Lippit, Kyoko Iriye Selden. 
246 3 |a Japanese women writers 
260 |a New York :  |b Taylor and Francis ;  |b Routledge,  |c 2015. 
300 |a xxiv, 285 pages ;  |c 24 cm 
490 1 |a Asia and the Pacific 
500 |a "An East gate book." 
526 8 |a AAL 
541 1 |a Donated by Embassy of Japan in Bangladesh, Read Japan Project 2025, The Tokyo Foundation, supported by The Nippon Foundation.  |e 45753 
650 0 |a Short stories, Japanese  |v Translations into English.  |9 60215 
650 0 |a Japanese fiction  |x Women authors  |v Translations into English.  |9 60645 
650 0 |a Japanese fiction  |y 20th century  |v Translations into English.  |9 60646 
650 0 |a Women  |z Japan  |x Social life and customs  |v Fiction.  |9 60647 
655 7 |a Fiction. 
700 1 |a Mizuta, Noriko.  |9 60648 
700 1 |a Selden, Kyoko Iriye,  |d 1936-2013.  |9 60649 
830 0 |a Asia and the Pacific  |9 60650 
942 |2 ddc  |c BK 
955 |a LCAP batch update 2025-06-01-04:00: LCAPM-644, LCAPM-893, LCAPM-150 
999 |c 47924  |d 47924 
952 |0 0  |1 0  |2 ddc  |4 0  |6 895_630108044000000_JAP  |7 0  |9 79181  |a BRACUL  |b BRACUL  |d 2026-05-11  |e Donated by Embassy of Japan in Bangladesh, Read Japan Project 2025, The Tokyo Foundation, supported by The Nippon Foundation.  |l 0  |o 895.630108044 JAP  |p 3010045753  |r 2026-05-11  |t 1  |w 2026-05-11  |y BK  |x Donated copy received from Embassy of Japan in Bangladesh, Read Japan Project 2025, The Tokyo Foundation, supported by The Nippon Foundation on 08 April 2026;$50.95